00802cam a22002291 450000100060000000300080000600500170001400800390003103500190007003500180008904000510010704100080015808200180016610000250018424500890020926000670029830000310036565000450039665100550044165100510049670000250054713975BD-RjUL20211208235540.0140203s1961 maua 000 0 eng a(BD-RjUL)14027 a(OCoLC)477728 aDLCcODaWUdOCoLCdICIUdUkdDLCdBD-RjULbeng aeng a917.5789bPEW aPennington, Patience12aA woman rice planter /c Patience Pennington [pseud.] Edited by Cornelius O. Cathey. aCambridge :bBelknap Press of Harvard University Press,c1961. a446 p. :aillus. ;c22 cm. 0aRicezSouth CarolinazGeorgetown County. 0aGeorgetown County (S.C.)xSocial life and customs. 0aGeorgetown County (S.C.)xEconomic conditions. aPennington, Patience